Name the Smallest Countries in Order - Statistics

General Stats
  • This quiz has been taken 27 times
  • The average score is 21 of 50
Answer Stats
Answer % Correct
Vatican City
100%
Monaco
91%
Nauru
82%
San Marino
82%
Liechtenstein
77%
Tuvalu
77%
Marshall Islands
59%
Saint Kitts and Nevis
59%
Maldives
55%
Malta
55%
Saint Vincent and the Grenadines
55%
Federated States of Micronesia
50%
Grenada
50%
Palau
50%
Andorra
45%
Barbados
45%
Kiribati
45%
Saint Lucia
45%
Antigua and Barbuda
41%
Dominica
41%
Luxembourg
41%
Samoa
41%
São Tomé and Príncipe
41%
Singapore
41%
Tonga
41%
Bahrain
36%
Seychelles
36%
Vanuatu
36%
Bahamas
32%
Brunei
32%
Cape Verde
32%
Comoros
32%
Fiji
32%
Jamaica
32%
Kosovo
32%
Mauritius
32%
Qatar
32%
Trinidad and Tobago
32%
Cyprus
27%
Kuwait
27%
Lebanon
27%
Montenegro
27%
Eswatini
23%
The Gambia
23%
Timor-Leste
23%
Belize
18%
El Salvador
18%
Israel
18%
Slovenia
18%
Djibouti
14%
No matching quizzes found
Score Distribution
Percent of People with Each Score
Percentile by Number Answered
Your Score History
You have not taken this quiz